Pays les plus proches de la France par continent - Statistiques

Statistiques générales
  • Ce quiz a été pris 940 fois
    856 depuis la dernière actualisation
  • Le résultat moyen est 21 sur 30
Statistiques - réponses
Distance Pays % Correct
3 464 km Canada
94%
4 551 km Etats-Unis
94%
491 km Algérie
93%
6 360 km Brésil
93%
842 km Maroc
93%
421 km Tunisie
92%
33 km Royaume-Uni
89%
1 775 km Egypte
87%
61 km Pays-Bas
86%
929 km Libye
85%
12 781 km Australie
83%
1 366 km Turquie
83%
148 km Autriche
80%
7 230 km Colombie
75%
6 739 km Guyana
75%
6 577 km Suriname
74%
6 693 km Venezuela
74%
2 452 km Israël
67%
150 km Liechtenstein
67%
2 427 km Liban
65%
240 km Vatican
64%
2 362 km Syrie
62%
2 119 km Chypre
56%
13 194 km Papouasie-Nouvelle-Guinée
52%
11 876 km Micronésie
46%
12 689 km Iles Marshall
44%
11 817 km Palaos
42%
6 199 km Saint-Christophe-et-Niévès
42%
6 245 km Dominique
40%
6 104 km Antigua-et-Barbuda
39%
Aucun quiz correspondant
Distribution des résultats
% des personnes avec chaque résultat
Percentile par nombre de réponses
Votre historique - résultats
Vous n’avez pas pris ce quiz depuis la dernière actualisation